000 00611nam a2200169Ia 4500
008 090711s9999 xx 000 0 und d
082 _b72499
100 _aकर्णिक द्वा. भ.
245 _aअशीSा जुळली नाती स्नेहाSाी
260 _c1993
300 _a215
600 _aकर्णिक द्वा. भ.
630 _aअशीSा जुळली नाती स्नेहाSाी
700 _aकर्णिक द्वा. भ.
730 _aअशीSा जुळली नाती स्नेहाSाी
942 _cBOOK
999 _c326968
_d326968